Vignette - Twenty One Pilots Lyrics - Statistics

General Stats
  • This quiz has been taken 142 times
  • The average score is 249 of 300
Answer Stats
Lyrics % Correct
I
99%
a
97%
of
97%
the
97%
vignette
97%
it
96%
it's
94%
It's
94%
no
94%
No,
94%
No
94%
no,
94%
Not
94%
not
94%
To
94%
to
94%
me,
93%
me
93%
off
93%
by
91%
Fighting
91%
for
91%
friend
91%
friend,
91%
promises
91%
denial
90%
he
90%
from
88%
go
88%
in
88%
visions
88%
tribute
87%
zombies
87%
which
85%
become
84%
Clinging
84%
do
84%
here?
84%
started,
84%
sure
84%
Where
84%
bones
82%
Flesh
82%
I've
82%
covered
81%
when
81%
alone
79%
been
79%
long
79%
Swallowed
79%
what
79%
all
78%
bites
78%
night
78%
together
78%
fade
76%
is
76%
real,
76%
back
75%
woods
75%
Fresh
73%
his
73%
I'm
72%
and
70%
good
70%
Piece
70%
Testing
67%
peeling
63%
there"
63%
cave,
61%
way
61%
He's
60%
"There's
60%
enough
58%
Tunnels
58%
hold
57%
Man,
57%
Now
57%
scared
57%
that
57%
him
55%
binger
54%
can't
54%
found
54%
Hope
54%
hope
54%
never
54%
Always
52%
shaking
52%
she
52%
was
52%
agree
51%
hand
49%
held
49%
Hounded
49%
thinking,
49%
would
49%
headed
48%
out
48%
search
48%
without
48%
educated,
46%
grasses
43%
party
43%
dead
42%
greener
42%
bunch
40%
footed,
40%
pitch
25%
No matching quizzes found
Score Distribution
Percent of People with Each Score
Percentile by Number Answered
Your Score History
You have not taken this quiz